5 Países más Densamente Poblados por Continente - Estadísticas

Estadísticas generales
  • Esta prueba ha sido intentada 293 veces
  • La puntuación promedio es 17 de 30
Estadísticas de respuestas
Continente País % Correcto
Europa 17,821 Mónaco
84%
Europa 2,273 Ciudad del Vaticano
81%
América del Sur 66 Ecuador
79%
América del Sur 26 Chile
77%
América del Sur 46 Colombia
77%
América del Sur 32 Venezuela
74%
América del Sur 27 Perú
71%
Europa 557 San Marino
71%
Asia 1,172 Bangladés
66%
Asia 8,366 Singapur
66%
América del Norte 423 Haití
65%
Oceanía 619 Nauru
64%
Oceanía 423 Tuvalu
62%
Oceanía 164 Estados Federados de Micronesia
53%
Europa 1,693 Malta
53%
Oceanía 232 Islas Marshall
52%
Oceanía 165 Kiribati
52%
América del Norte 303 El Salvador
51%
América del Norte 656 Barbados
50%
América del Norte 299 Trinidad y Tobago
48%
Asia 1,942 Baréin
47%
Europa 425 Países Bajos
47%
África 535 Ruanda
45%
América del Norte 366 Granada
44%
Asia 661 Taiwán
44%
África 475 Burundi
42%
África 638 Mauricio
36%
África 458 Comoras
34%
Asia 1,736 Maldivas
30%
África 246 Gambia
25%
No se encontraron pruebas coincidentes
Distribución de puntuación
Porcentaje de gente con cada puntuación
Porcentaje por número respondido
Historial de tus puntuaciones
No has intentado esta prueba.